<?xml version="1.0" encoding="UTF-8"?>
<record
    xmlns:xsi="http://www.w3.org/2001/XMLSchema-instance"
    xsi:schemaLocation="http://www.loc.gov/MARC21/slim http://www.loc.gov/standards/marcxml/schema/MARC21slim.xsd"
    xmlns="http://www.loc.gov/MARC21/slim">

  <leader>01033nam a22002537a 4500</leader>
  <datafield tag="952" ind1=" " ind2=" ">
    <subfield code="a">0001</subfield>
    <subfield code="b">0001</subfield>
    <subfield code="d">2024-02-09</subfield>
    <subfield code="l">0</subfield>
    <subfield code="o">956.1025 U42 2019</subfield>
    <subfield code="p">20922</subfield>
    <subfield code="r">2024-02-09 00:00:00</subfield>
    <subfield code="w">2024-02-09</subfield>
    <subfield code="y">BKS</subfield>
  </datafield>
  <datafield tag="999" ind1=" " ind2=" ">
    <subfield code="c">15333</subfield>
    <subfield code="d">15333</subfield>
  </datafield>
  <controlfield tag="003">MIRAKIL</controlfield>
  <controlfield tag="005">20240209133443.0</controlfield>
  <controlfield tag="008">240209b        tu ||||| |||| 00| 0 tur d</controlfield>
  <datafield tag="020" ind1=" " ind2=" ">
    <subfield code="a">9786058545359</subfield>
  </datafield>
  <datafield tag="040" ind1=" " ind2=" ">
    <subfield code="a">TR-AnCHP</subfield>
    <subfield code="c">TR-AnCHP</subfield>
  </datafield>
  <datafield tag="041" ind1=" " ind2=" ">
    <subfield code="a">T&#xFC;rk&#xE7;e</subfield>
  </datafield>
  <datafield tag="082" ind1=" " ind2=" ">
    <subfield code="a">956.1025</subfield>
    <subfield code="b">U42 2019</subfield>
  </datafield>
  <datafield tag="090" ind1=" " ind2=" ">
    <subfield code="a">956.1025 U42 2019</subfield>
  </datafield>
  <datafield tag="111" ind1=" " ind2=" ">
    <subfield code="a">Ulusal Kahraman Devlet Adam&#x131; &#x130;smet &#x130;n&#xF6;n&#xFC; Sempozyum bildirileri</subfield>
    <subfield code="c">Alsancak</subfield>
    <subfield code="d">2018</subfield>
  </datafield>
  <datafield tag="245" ind1="1" ind2="0">
    <subfield code="a">Ulusal Kahraman Devlet Adam&#x131; &#x130;smet &#x130;n&#xF6;n&#xFC; Sempozyum bildirileri, 25 Ekim 2018, T&#xFC;rk&#xE2;n Saylan K&#xFC;lt&#xFC;r Merkezi /</subfield>
    <subfield code="c">yay&#x131;na haz&#x131;layan: Engin Berber</subfield>
  </datafield>
  <datafield tag="260" ind1=" " ind2=" ">
    <subfield code="a">&#x130;zmir :</subfield>
    <subfield code="b">Konak Belediyesi,</subfield>
    <subfield code="c">2019</subfield>
    <subfield code="f">(Eftal Ajans Matbaa)</subfield>
  </datafield>
  <datafield tag="300" ind1=" " ind2=" ">
    <subfield code="a">v&#x131;&#x131;&#x131;, 258 s. :</subfield>
    <subfield code="b">hrt., tbl. ;</subfield>
    <subfield code="c">25 cm.</subfield>
  </datafield>
  <datafield tag="504" ind1=" " ind2=" ">
    <subfield code="a">Kaynak&#xE7;a dipnot &#x15F;eklindedir
</subfield>
  </datafield>
  <datafield tag="650" ind1=" " ind2="0">
    <subfield code="9">5074</subfield>
    <subfield code="a">Devlet adamlar&#x131;</subfield>
  </datafield>
  <datafield tag="650" ind1=" " ind2="0">
    <subfield code="9">7495</subfield>
    <subfield code="a">&#x130;smet &#x130;n&#xF6;n&#xFC;</subfield>
    <subfield code="x">Kongre</subfield>
  </datafield>
  <datafield tag="700" ind1="1" ind2=" ">
    <subfield code="9">2646</subfield>
    <subfield code="a">Berber, Engin</subfield>
    <subfield code="d">1963 -</subfield>
    <subfield code="e">Yay&#x131;na haz&#x131;rlayan</subfield>
  </datafield>
  <datafield tag="856" ind1=" " ind2=" ">
    <subfield code="z">Dijital N&#xFC;shas&#x131; i&#xE7;in Partimizin K&#xFC;t&#xFC;phane Sorumlusu ile ileti&#x15F;ime ge&#xE7;iniz.</subfield>
  </datafield>
  <datafield tag="942" ind1=" " ind2=" ">
    <subfield code="2">ddc</subfield>
    <subfield code="c">BKS</subfield>
  </datafield>
</record>
